Susan B. Anthony : (Record no. 617008)

MARC details
000 -LEADER
fixed length control field 00458nam a2200181 a 4500
008 - FIXED-LENGTH DATA ELEMENTS--GENERAL INFORMATION
fixed length control field 260305s2009##################000#0#eng##
020 ## - INTERNATIONAL STANDARD BOOK NUMBER
ISBN 9781604130874
082 04 - DEWEY DECIMAL CLASSIFICATION NUMBER
Classification number 324.623
Item number TOD
100 1# - MAIN ENTRY--AUTHOR NAME
Personal name Todd, Anne M.,
245 10 - TITLE STATEMENT
Title Susan B. Anthony :
260 ## - PUBLICATION, DISTRIBUTION, ETC. (IMPRINT)
Name of publisher Chelsea House,
Year of publication 2009.
650 #0 - SUBJECT ADDED ENTRY--TOPICAL TERM
Topical Term Feminists.
942 ## - ADDED ENTRY ELEMENTS (KOHA)
Koha item type English Books
Holdings
Withdrawn status Lost status Damaged status Not for loan Home library Current library Shelving location Date acquired Full call number Accession Number Price effective from Koha item type
        Anna Centenary Library Anna Centenary Library 3RD FLOOR, B WING 05.03.2026 324.623 TOD 439112 05.03.2026 English Books

Find us on the map